000 00372nam a2200121Ia 4500
008 240731s9999 xx 000 0 und d
022 _a1469-9559
245 4 _aThe Journal of International Trade & Economic Development : An International and Comparative Review
260 _bRoutledge
856 _uhttps://www.tandfonline.com/loi/rjte20
942 _2ddc
942 _cTFEJ
999 _c79991
_d79991
945 _a1
_bMadushi Gamage
_c1
_dMadushi Gamage